000 00240 a2200097 4500
020 _a9781914484025
100 _aJuan Jose Millas
245 _aLife as told by a Sapiens to a Neanderthal
260 _bScribe publications
_c2022
942 _cOO
999 _c116066
_d116065